00761 2200289 4500001002100000005001700021008004100038020001800079035002400097082001000121090001700131100001800148245007500166250001200241260003100253300002500284500003000309500001100339650002400350700002000374850001500394980001300409985000600422986001300428999001500441999001500456YOGYA-0209000001654120090227022647.0 ind  a979-413-059-1 0010-020900000016541 a572.2 a572.2bDah A aDAHLER, Franz aAsal dan tujuan manusiab(teori evolusi)cFranz Dahler, Julisu Chandra aCet. 12 aYogyakartabKanisiusc1995 a182 hlmbilusc21 cm aBibliogafi : hlm. 180-182 aIndeks aManusia - Asal mula aCHANDRA, Julius aYOPDYOG(B) a21-10-05 a2 afwhrtrev a98P0103202 a93P0046886